| 000 | 01171nam0a22002771 4500 | ||
|---|---|---|---|
| 001 | rc\641634 | ||
| 005 | 20260407123122.0 | ||
| 035 | _a(NLR Aleph) 005882847 | ||
| 090 |
_a6096182 _c6096182 |
||
| 100 | _a20031121d1986 |||y0rusy50 ca | ||
| 101 | 0 | _arus | |
| 102 | _aRU | ||
| 105 | _ay ||||||||| | ||
| 200 | 1 |
_aПОВЫШЕНИЕ роли трудовых коллективов в достижении высоких конечных результатов _e[Метод. рекомендации] _fРДЭНТП _g[Подгот. к. э. н. Н.Я. Сацков] |
|
| 210 |
_aКиев _cО-во "Знание" _cРДЭНТП _d1986 |
||
| 215 |
_a[1], 16 с. _d20 |
||
| 225 | 1 | _aМежотраслевые проблемы ускорения научно-технического прогресса | |
| 225 | 1 | _aВ помощь лектору и специалисту | |
| 320 | _aБиблиогр.: с. 15-16 | ||
| 702 | 1 |
_aСацков _bН.Я. _4570 |
|
| 712 | 0 | 2 |
_a"Знание", общество УССР _cКиев _3RU\NLR\AUTH\889960976 _9418265 |
| 801 | 0 |
_aRU _bNLR _gpsbo |
|
| 801 | 1 |
_aRU _bELAR _2rusmarc |
|
| 852 |
_aNLR _j87-4/13939 |
||
| 942 | _cBOOK | ||
| 980 | _aNB | ||